| 000 | 00490 a2200157 4500 | ||
|---|---|---|---|
| 999 |
_c332242 _d332242 |
||
| 003 | NUST | ||
| 005 | 20171121122942.0 | ||
| 008 | 171121b xxu||||| |||| 00| 0 eng d | ||
| 020 | _a8130706059 | ||
| 024 | _a9798130706053 | ||
| 040 | _c0 | ||
| 082 | _a891.723 CHE | ||
| 100 |
_aChekhov, Anton. _9319 |
||
| 245 |
_aThe Cherry Orchard _cAnton Chekhov |
||
| 260 |
_aNew Delhi _bCosmo Publications india _c2007 |
||
| 300 | _a173p. | ||
| 500 | _aP.B | ||
| 942 |
_cBK _kIESE _2ddc |
||